000 00516nam a2200181Ia 4500
008 090124s9999 xx 000 0 und d
082 _b30651
100 _aपाटील देवदत्त
245 _a सौदा
250 _a0
260 _bमधुराज पब्लिकेशन्स
_c1992
300 _a340
600 _aपाटील देवदत्त
630 _a सौदा
700 _aपाटील देवदत्त
730 _a सौदा
942 _cBOOK
999 _c96015
_d96015